000 00821nam a2200253Ia 4500
003 OSt
005 20220923211333.0
006 a|||||r|||| 00| 0
007 ta
008 Pun
020 _a9788182991927 (hbk)
_c160
024 _a242,763
037 _b7501/8, 19/11/2009, Arsee Publishers
_cTextual
040 _aARTS
_cARTS
_bPun
041 _2Pun
_aPun
082 _aO153,3NBAx, P9
100 _aਬਡਵਾਲ, ਹਰਭਜਨ ਸਿੰਘ
_9156274
245 0 _aਬਾਬਾ ਦੀਨੀ
260 _aਦਿੱਲੀ
_b ਆਰਸੀ ਪਬਲੀFਰਸ
_c2009
300 _a120ਪੰ
_ccm.
650 _aਪੰਜਾਬੀ ਸਾਹਿਤ
942 _hO153,3NBAx, P9
_cTEXL
_2CC
999 _c298597
_d298597